Passing: Nicaraguans in Costa Rica /
محفوظ في:
| المؤلف الرئيسي: | |
|---|---|
| التنسيق: | كتاب |
| الوسوم: |
إضافة وسم
لا توجد وسوم, كن أول من يضع وسما على هذه التسجيلة!
|
MARC
| LEADER | 00000nam a22000007a 4500 | ||
|---|---|---|---|
| 003 | cru CIDCACS/IIS | ||
| 005 | 20191212150055.0 | ||
| 007 | ta | ||
| 008 | 191212t2004 -us |||||r||||||0| ||eng|d | ||
| 999 | |c 42766 |d 42766 | ||
| 040 | |c cru CIDCACS/IIS | ||
| 090 | |a CR.01.04.03 C838c | ||
| 100 | 1 | |9 7747 |a Alvarenga Venutolo, Patricia | |
| 245 | 1 | |a Passing: |b Nicaraguans in Costa Rica / |c Patricia Alvarenga | |
| 300 | |a páginas 257-263 | ||
| 773 | 0 | |0 42764 |9 4122 |a Palmer, Steven Paul |d Durham, California del Norte: Duke University Press, 2004 |o 02910 |t The Costa Rica reader: |x 0822333724 | |
| 942 | |2 ddc |c LI | ||
